000 01067nam a2200313 i 4500
003 DO-SdBNP
005 20240412074311.0
007 ta
008 110117s1988 dr c 000 j spa d
040 _aDO-SdBNP
_bspa
_cBNPHU
_erda
082 _bF825
_222
100 _aFranco, José Ulises,
_d1909-1997
_928996
245 1 3 _aUlises Francisco Espaillat /
_cJosé Ulises Franco
246 _aSemblanza del procer :
_bUlises Francisco Espaillat /
264 1 _aSantiago de los Caballeros, República Dominicana :
_bImpresos Tricolor,
_c1988.
300 _a40 páginas
_bretratos
_c21 cm.
336 _2rdacontent
_atexto
_btxt
337 _2rdamedia
_asin mediación
_bn
338 _2rdacarrier
_avolumen
_bnc
500 _aIncluye datos biografícos del autor en la solapa de la portada.
504 _aBibliografía p: 40
590 _aInventariado, 2023/ YL
650 0 _aCuentos dominicanos
_9176
650 0 _aPoesía dominicana
_966
650 0 _aLiteratura dominicana.
_967
650 4 _aLiteratura infantil
_92053
910 _aYLockward
942 _2ddc
_cLF2
999 _c55536
_d55536